Colleges with 1st Overall MLB Draft Picks - Statistics

General Stats
  • This quiz has been taken 73 times
    20 since last reset
  • The average score is 10 of 26
Answer Stats
Picks College % Correct
2 LSU
88%
1 UCLA
88%
1 Florida State
69%
1 Tennessee
69%
2 Vanderbilt
69%
4 Arizona State
63%
1 Oregon
63%
2 Oregon State
63%
1 Arkansas
56%
1 Miami
56%
1 Stanford
56%
1 Auburn
44%
1 Clemson
38%
1 Nebraska
38%
1 San Diego State
31%
1 North Carolina
25%
1 Rice
25%
1 Air Force
13%
1 Cal State Fullerton
13%
1 Southern
13%
1 Southern Nevada
6%
1 Ball State
0%
1 Brown
0%
1 Evansville
0%
1 Mount Vernon Nazarene
0%
1 Oral Roberts
0%
No matching quizzes found
Score Distribution
Percent of People with Each Score
Percentile by Number Answered
Your Score History
You have not taken this quiz since the last reset